000 03491nam a2200529 c 4500
003 BLK
005 20180422114836.0
008 180411b bul|||||r ||||||| ||bul||
010 _aKNG00185570000
020 _a978-954-535-882-1
_bиздат.: Нов бълг. унив.
040 _aBLK
041 _aBUL
_cBUL
072 7 _2bullib
_aН50
_xЕстествени науки. Математика и др. Н
080 _aКонтролиране и установяване на нарушенията, възстановяване на околната среда. Екологичен мониторинг. Уреди за наблюдаване на замърсяването, измерване на нарушенията и др.
_b504.06
_x:629.7(075.8)
_z504.06:629.7(075.8)
080 _aАвиация и космонавтика. Летателни апарати. Ракетна техника. Космическа техника. Космическа техника
_b629.7
_x.004:502(075.8)
_z629.7.004:502(075.8)
080 _aГеофизика. Вж и 523.31
_b550.3
_x(075.8)
_z550.3(075.8)
080 _aФотограметрия (аерофотограметрия, земна фотограметрия). Аерокосмически снимки. Методи и инструменти - Фотограметрична обработка на снимките, построяване на фотограметрични мрежи, фототриангулация
_b528.7
_x(075.8)
_z528.7(075.8)
080 _aПриложна геология и геофизика. Методи на геологическо проучване. Вж и 622. 1
_b550.8
_x:629.7(075.8)
_z550.8:629.7(075.8)
080 _aКосмическа техника. Космонавтика
_b629.78
_x(075.8)
_z629.78(075.8)
100 1 _aМардиросян, Гаро Хугасов
_eпърви автор
_9374932
139 _aМардиросян, Гаро Хугасов
_bМ 29
245 1 0 _aОснови на дистанционните аерокосмически технологии (В екологията и изучаването на околната среда)
_b[Уч. за ВУЗ]
_cГаро Хугасов Мардиросян.
257 _aBGR
260 София
_bНов бълг. унив.
_c2015
300 _a224 с.
_bил., 8 л. цв.ил.
_c24 см
380 _a5
500 _aСъдържа и за авт. - Азб. показалец ; Библиогр. с. 212-219.
650 4 _aКосмически апарати - приложение - в екологията
_9340834
650 4 _aЕкология - методи на изследване
_9340835
650 4 _aОколна среда - контрол
_9269210
650 4 _aКосмически изследвания
_9247375
650 4 _aКосмически технологии
_9340836
650 4 _aАерокосмически методи
_9146591
650 4 _aЕкология - методи на изследване
_9340835
653 _aекология
653 _aоколна среда
653 _aаерокосмически технологии
653 _aкосмически апарати
653 _aмониторинг
653 _aучебници за ВУЗ
659 _aН
852 _aЦб 278647
856 4 _qpdf
_u
856 4 _qpdf
_u
942 _cKNG
_n0
944 _aCR
_c15.12.2015
_lф /
_kВиолета_Тройчева
944 _aED
_c22.04.2017
_lф /
_kПенка_Димитрова
999 _c176936
_d176936